| 000 | 00504nam a22001811a 4500 | ||
|---|---|---|---|
| 001 | 11640 | ||
| 003 | OSt | ||
| 005 | 20260204212250.0 | ||
| 008 | 130501s2005||||ag ||||||b||||||||||spa|| | ||
| 020 | _a9508850663 | ||
| 050 | _a340.1 J985i | ||
| 100 | _aJustiniano | ||
| 245 | _aInstituciones de justiniano: Edicion bilingue / Melquiades Perez Rivas (trad.) | ||
| 264 | _aArgentina : Heliasta | ||
| 650 | _aDerecho - Filosofia y teoria | ||
| 700 | _aPerez Rivas, Melquiadez (trad.)Ì | ||
| 942 |
_2ddc _cBK |
||
| 999 |
_c11640 _d11640 |
||